Auxiliar didáctico : primaria intensiva para adultos, circulos de estudio.

保存先:
書誌詳細
共著者: México. Secretaría de Educación Pública, Centro para el Estudio de Medios y Procedimientos Avanzados de la Educación (México)
その他の著者: Alegría, Pedro Humberto coord (autor) coord, (autor), Alegría, Ma. Elena, [et al.] (autor) [et al.], (autor)
フォーマット: 図書
言語:スペイン語
版:2a edición
主題:
タグ: タグ追加
タグなし, このレコードへの初めてのタグを付けませんか!

MARC

LEADER 00000nam^a2200000^u^4500
001 000499523
005 20250521000000.0
008 071019s1000^^^^^^^^^^^^r^^^^^000^0^spa^d
009 20260310125720.831
022 |a 9688040576 
035 |a FCE 000043574 
037 |a Acervo ITESO - Biblioteca 
041 |a spa 
082 0 4 |a 374  |b MEXpr AUX CIR 1979 
110 |a México. Secretaría de Educación Pública 
245 1 0 |a Auxiliar didáctico :  |b primaria intensiva para adultos, circulos de estudio. 
250 |a 2a edición 
264 |a México :  |b SEP : CEMPAE,  |c 1979. 
300 |a 95 p. :  |b il. 
336 |a texto  |b txt  |2 rdacontenido 
337 |a sin mediación  |b n  |2 rdamedio 
338 |a volumen  |b nc  |2 rdasoporte 
649 |a XX 
650 |a Educación de adultos 
650 |a Guía del docente 
650 |a Libros de texto 
650 |a Enseñanza primaria 
650 |a Constitución de grupos de estudio 
650 |a Auxiliar didáctico 
710 |a Centro para el Estudio de Medios y Procedimientos Avanzados de la Educación (México) 
700 |a Alegría, Pedro Humberto  |e coord  |e (autor) 
700 |a Alegría, Ma. Elena,  |e [et al.]  |e (autor) 
910 |a Fondo Centro de Estudios Educativos 
920 |a Impresos - Libros 
930 |a Fondos Especiales 
905 |a 133 
901 |a ALE050872  |b IT2  |c CEE  |u 20250521 
901 |a ALE050873  |b IT2  |c CEE  |u 20250521 
902 |a https://opac.biblio.iteso.mx/vufind/Record/000499523